Most Diverse Cities - Statistics

General Stats
  • This quiz has been taken 182 times
  • The average score is 10 of 14
Answer Stats
Rank Answer % Correct
11 London
99%
10 New York
99%
5 Los Angeles
95%
7 Sydney
79%
2 Toronto
76%
8 San Francisco
75%
4 Miami
74%
9 Melbourne
63%
14 Singapore
61%
1 Dubai
58%
12 Houston
56%
13 Washington D.C.
55%
3 Hong Kong
44%
6 Riyadh
19%
No matching quizzes found
Score Distribution
Percent of People with Each Score
Percentile by Number Answered
Your Score History
You have not taken this quiz